| 000 | 00389pab a2200145 454500 | ||
|---|---|---|---|
| 008 | 180718b1991 xxu||||| |||| 00| 0 eng d | ||
| 100 | _aRaipuria, Kalyan M. | ||
| 245 |
_aQuotos and tariffs for import regulation _bPolicy harmonisation as reform |
||
| 260 | _c1991 | ||
| 300 | _a20-4 | ||
| 362 | _a8 Jun. | ||
| 650 | _aForeign Commerce - Regulation | ||
| 773 | _aMainstream | ||
| 909 | _a8987 | ||
| 999 |
_c8987 _d8987 |
||